Countries in transition ... WIIW handbook of statistics : Bulgaria, Croatia, Czech Republic, Hungary, Poland, Romania, Russia, Slovak Republic, Slovenia, Ukraine

Bibliographic Details
Corporate Author: Wiener Institut für Internationale Wirtschaftsvergleiche (Viedeň, Rakúsko) (Compiler)
Format: Journal
Language:English
PhysicalDescription:zv. 20 cm
Published: Vienna Vienna Institute for Comparative Economic Studies ?1995-?
ISBN:3852090008
Series:WIIW Handbooks of Statistics
Subjects:

MARC

LEADER 00000cas a2200000 a 4500
001 vtls001225313
003 SK-MaSNL
005 20260425194206.0
008 160329u19959999au ar|p ry 0 0b0eng
015 |a ZS1997/0000040 
020 |a 3852090008 
035 |a SNK000172276 
040 |a SNK  |b slo  |c SNK  |e AACR2 
041 0 |a eng 
044 |a au  |c AT 
080 |a 050  |2 2001 
110 0 |a Wiener Institut für Internationale Wirtschaftsvergleiche (Viedeň, Rakúsko)  |4 com  |9 270223 
245 1 0 |a Countries in transition ...  |b WIIW handbook of statistics : Bulgaria, Croatia, Czech Republic, Hungary, Poland, Romania, Russia, Slovak Republic, Slovenia, Ukraine 
260 |a Vienna  |b Vienna Institute for Comparative Economic Studies  |c ?1995-? 
300 |a zv.  |c 20 cm 
310 |a 1x ročne 
490 1 |a WIIW Handbooks of Statistics 
500 |a Rozlož. tit. strana 
650 0 7 |a ekonomická štatistika  |2 SNKPH  |9 790 
651 7 |a Európa stredná  |2 SNKPHgeo  |9 23970 
651 7 |a Európa východná  |2 SNKPHgeo  |9 167635 
752 |a Rakúsko  |d Viedeň 
830 0 |a WIIW Handbooks of Statistics  |9 270224 
850 |a Slovenská národná knižnica v Martine 
910 |a snk 
919 |a 3-85209-000-8 
999 |c 6544  |d 8474 
952 |a SNK  |b SNK  |y PREZ  |7 0  |p 17A0027748  |o snkČSD 2031/1995  |i snkV 254/97  |8 2  |0 0  |1 0  |4 0  |d 1997-01-21  |l 0  |r 2005-01-01 00:00:00  |w 2026-02-21